000 00434nam a2200133 4500
082 _a320.954164
_bRYM
100 _aRymbai, Iaribhalang
245 _aTraditional political institutions : comparative study of Khasi syiemship and Mizo Chiefship
250 _aNEHU
260 _aShillong
_bDepartment of Political Science, NEHU
_c2010
300 _av,122p.: 28cm.
_eAbstract
502 _bM.Phil
700 _aSrikanth, H., Supervisor/Guide
999 _c86535
_d86535